Teoría de la comunicación humana: interacciones, patologías y paradojas

Na minha lista:
Detalhes bibliográficos
Main Authors: Watzlawick, Paul (Author), Beavin Bavelas, Janet (Author), Jackson, Donald D (Author)
Formato: Livro
Idioma:espanhol
Publicado em: Barcelona Herder 1991
Edição:8a. ed
Colecção:Biblioteca de Psicología, 100
Assuntos:
Tags: Adicionar Tag
Sem tags, seja o primeiro a adicionar uma tag!

MARC

LEADER 00000nam a2200000 a 4500
001 UCR3442
003 CL-VaPUC
008 980124e19910000SP |||||||||||||||||spa|d
082 0 4 |a 302.2  |b WAT  |2 21 
100 0 |a Watzlawick, Paul  |e author  |9 402320 
700 0 |a Beavin Bavelas, Janet  |e author  |9 402321 
700 |a Jackson, Donald D  |e author  |9 543183 
245 1 0 |a Teoría de la comunicación humana: interacciones, patologías y paradojas 
250 |a 8a. ed 
300 |a 260 p 
942 |c BK 
945 |d 19980124 00:00:00  |a aolguin 
260 |a Barcelona  |b Herder  |c 1991 
650 7 |a COMUNICACION HUMANA  |2 CL-VaPUC  |9 373516 
650 0 |a Relaciones interpersonales  |9 307056 
650 7 |a AXIOMAS  |2 CL-VaPUC  |9 402323 
650 0 |a Interacción humana  |9 402324 
650 7 |a PARADOJAS  |2 CL-VaPUC  |9 385971 
650 0 |a Teoría de la comunicación   |9 260752 
583 |a last modification  |c 20190730 04:45:57  |k Rodrigo Vera 
490 0 |a Biblioteca de Psicología, 100 
999 |c 266515  |d 266513 
952 |0 0  |1 0  |4 0  |6 302_200000000000000_WAT_1991  |7 0  |8 R  |9 298202  |a BIBGIM  |b BIBGIM  |d 2019-11-20  |i 2714426  |o 302.2 WAT 1991  |p 2714426  |r 2025-01-15  |w 2019-11-20  |y BK_R  |k COM 
952 |0 0  |1 0  |4 0  |6 302_200000000000000_WAT_1991  |7 0  |8 R  |9 298203  |a BIBGIM  |b BIBGIM  |d 2019-11-20  |i 2714442  |o 302.2 WAT 1991  |p 2714442  |r 2025-01-15  |w 2019-11-20  |y BK_R  |k COM 
952 |0 0  |1 0  |4 0  |6 302_200000000000000_WAT_1991  |7 0  |8 R  |9 298204  |a BIBGIM  |b BIBGIM  |d 2019-11-20  |i 2714434  |o 302.2 WAT 1991  |p 2714434  |r 2023-07-20  |w 2019-11-20  |y BK_R  |k SSL